[Event "ISR-chT 13"]
[Site "Israel"]
[Date "2012.12.28"]
[Round "3.5"]
[White "Deutsch, Eyal"]
[Black "Gurevich, Gregory"]
[Result "1/2-1/2"]
[WhiteElo "2351"]
[BlackElo "2351"]
[PlyCount "39"]
[EventDate "2012.12.21"]
[EventType "team"]
[EventRounds "11"]
[EventCountry "ISR"]
[SourceTitle "EXT 2014"]
[Source "ChessBase"]
[SourceDate "2013.11.20"]
[SourceVersion "1"]
[SourceVersionDate "2013.11.20"]
[SourceQuality "1"]

1. e4 e6 2. f4 d5 3. e5 c5 4. Nf3 Ne7 5. c3 Nbc6 6. Na3 Nf5 7. Nc2 Bd7 8. Bd3 Qb6 9. Bxf5 exf5 10. d4 cxd4 11. Nfxd4 Nxd4 12. Nxd4 Bc5 13. b3 Bxd4 14. Qxd4 Qxd4 15. cxd4 Bb5 16. Kd2 Kd7 17. Ba3 Rac8 18. Rhc1 Rxc1 19. Rxc1 Rc8 20. Rxc8 1/2-1/2

[Event "ISR-chT 13"]
[Site "Israel"]
[Date "2012.12.21"]
[Round "1.5"]
[White "Gurevich, Gregory"]
[Black "Shvayger, Yuliya"]
[Result "0-1"]
[WhiteElo "2351"]
[BlackElo "2232"]
[PlyCount "86"]
[EventDate "2012.12.21"]
[EventType "team"]
[EventRounds "11"]
[EventCountry "ISR"]
[SourceTitle "EXT 2014"]
[Source "ChessBase"]
[SourceDate "2013.11.20"]
[SourceVersion "1"]
[SourceVersionDate "2013.11.20"]
[SourceQuality "1"]

1. e4 c5 2. c4 Nc6 3. Nc3 g6 4. g3 Bg7 5. Bg2 e6 6. Nge2 Nge7 7. a3 0-0 8. 0-0 d6 9. Rb1 a5 10. d3 Nd4 11. b4 axb4 12. axb4 cxb4 13. Nxd4 bxc3 14. Be3 d5 15. cxd5 exd5 16. Rc1 Qd7 17. f4 dxe4 18. dxe4 Rd8 19. e5 Nd5 20. Bf2 b5 21. Qb3 b4 22. Rfd1 Bb7 23. Nc2 Qb5 24. Bxd5 Bxd5 25. Qxb4 Qe2 26. Rxd5 Rxd5 27. Nd4 Qa6 28. Qxc3 Rad8 29. Ra1 Qb7 30. Ra4 Rc8 31. Rb4 Qa6 32. Rb6 Qa8 33. Rc6 Rcd8 34. h4 Bf8 35. Rc4 Ra5 36. Nc6 Ra1+ 37. Kg2 Rdd1 38. Qf3 Qa2 39. Rd4 Rg1+ 40. Kh3 Rh1+ 41. Kg4 Qe6+ 42. f5 gxf5+ 43. Qxf5 h5+ 0-1

[Event "ISR-chT 0809"]
[Site "Israel"]
[Date "2009.01.09"]
[Round "5"]
[White "Gurevich, Gregory"]
[Black "Nedobora, Mikhail"]
[Result "1/2-1/2"]
[WhiteElo "2370"]
[BlackElo "2425"]
[PlyCount "56"]
[EventDate "2008.12.12"]
[EventType "team-tourn"]
[EventRounds "11"]
[EventCountry "ISR"]
[SourceTitle "EXT 2010"]
[Source "ChessBase"]
[SourceDate "2010.11.25"]
[SourceVersion "1"]
[SourceVersionDate "2010.11.25"]
[SourceQuality "1"]

1. d4 Nf6 2. c4 c5 3. e3 g6 4. Nc3 Bg7 5. Nf3 0-0 6. Be2 cxd4 7. exd4 d5 8. c5 b6 9. cxb6 axb6 10. 0-0 Bg4 11. Bf4 Bxf3 12. Bxf3 Nc6 13. Rc1 Qd7 14. Na4 Qb7 15. b3 e6 16. Qd2 Rfc8 17. Nc3 Ne8 18. Nb5 Qd7 19. Be2 Ne7 20. a4 Nf5 21. Bd3 Ne7 22. Rxc8 Rxc8 23. Rc1 Rxc1+ 24. Qxc1 Nc6 25. Qc3 Bf8 26. h3 Bb4 27. Qc1 Na5 28. Qc2 Nc6 1/2-1/2

[Event "ISR-chT 08"]
[Site "Israel"]
[Date "2008.01.04"]
[Round "2.5"]
[White "Gurevich, Gregory"]
[Black "Golod, Vitali"]
[Result "1/2-1/2"]
[WhiteElo "2361"]
[BlackElo "2606"]
[PlyCount "74"]
[EventDate "2007.12.26"]
[EventType "team-tourn"]
[EventRounds "11"]
[EventCountry "ISR"]
[SourceTitle "EXT 2009"]
[Source "ChessBase"]
[SourceDate "2008.11.26"]
[SourceVersion "1"]
[SourceVersionDate "2008.11.26"]
[SourceQuality "1"]
[WhiteTeam "Jerusalem Tikvatenu"]
[BlackTeam "Ashdod"]
[WhiteTeamCountry "ISR"]
[BlackTeamCountry "ISR"]

1. d4 d5 2. Nf3 c6 3. e3 Bf5 4. Bd3 Bg6 5. 0-0 Nd7 6. c4 e6 7. Nc3 Ngf6 8. Qe2 Bb4 9. cxd5 exd5 10. a3 Bd6 11. Bxg6 hxg6 12. h3 Qe7 13. b4 a6 14. Na4 Ne4 15. Nc5 Rb8 16. Bb2 g5 17. Nxd7 Qxd7 18. Ne5 Qe6 19. Rfe1 f6 20. Nd3 Kf7 21. Nc5 Qf5 22. f3 Nxc5 23. bxc5 Bg3 24. Reb1 b5 25. Bc3 Rbe8 26. Be1 Bb8 27. Bf2 Re7 28. a4 Rhe8 29. axb5 axb5 30. Qd2 Qc8 31. Re1 Rh8 32. Kf1 Qf5 33. Ra6 Rc8 34. Rea1 Qd7 35. Rb6 Ba7 36. Rba6 Bb8 37. Rb6 Ba7 1/2-1/2

[Event "ISR-ch"]
[Site "Jerusalem"]
[Date "1996.??.??"]
[Round "2"]
[White "Hadas, Yaron"]
[Black "Gurevich, Gregory"]
[Result "1/2-1/2"]
[WhiteElo "2230"]
[BlackElo "2355"]
[PlyCount "152"]
[EventDate "1996.10.26"]
[EventType "swiss"]
[EventRounds "9"]
[EventCountry "ISR"]
[SourceTitle "CBM 056"]
[Source "ChessBase"]
[SourceDate "1997.02.01"]
[SourceVersion "1"]
[SourceVersionDate "1997.02.01"]
[SourceQuality "1"]

1. c4 c6 2. Nf3 d5 3. g3 Nf6 4. Bg2 Bg4 5. 0-0 Nbd7 6. cxd5 cxd5 7. h3 Bh5 8. d3 e6 9. Nc3 Be7 10. e4 Nb6 11. Qb3 0-0 12. g4 Bg6 13. Ne5 Bc5 14. Nxg6 hxg6 15. Bg5 dxe4 16. dxe4 Qb8 17. Rac1 Qe5 18. Bxf6 gxf6 19. Ne2 g5 20. a4 Rfd8 21. Rfd1 Be7 22. Qb5 Qxb5 23. axb5 Rxd1+ 24. Rxd1 Rc8 25. Ra1 Rc2 26. Bf1 Nc8 27. Rc1 Rxc1 28. Nxc1 Bc5 29. Nb3 Bb6 30. Bd3 Ne7 31. Nd2 Bc5 32. Nc4 b6 33. e5 Kg7 34. b3 Nd5 35. Bf1 Nc3 36. Kg2 Nd1 37. Be2 Nc3 38. Bd3 Nd5 39. Kf3 Nf4 40. Bf1 Ng6 41. Bd3 Nh4+ 42. Ke2 Ng2 43. Kd2 Nf4 44. Bf1 Bxf2 45. exf6+ Kxf6 46. Nd6 Bc5 47. Nc8 e5 48. Bd3 Ke6 49. Bc4+ Kd7 50. Nxa7 e4 51. Nc6 e3+ 52. Ke1 f6 53. Kf1 Nxh3 54. b4 Bd6 55. Ke2 Bf4 56. Nd4 Kd6 57. Kf3 Nf2 58. Nc6 Nd1 59. Nd4 Nc3 60. Bb3 Nb1 61. Ke2 Nd2 62. Bg8 Ne4 63. Bc4 Nc3+ 64. Kd3 Nd5 65. Nc6 Bh2 66. Ke4 e2 67. Bxe2 Nc3+ 68. Kf3 Nxe2 69. Kxe2 Kd5 70. Kf3 Bf4 71. Na7 Kd4 72. Nc6+ Kc4 73. Na7 Kd3 74. Nc6 Bd6 75. Na7 Bxb4 76. Nc6 Bd6 1/2-1/2

[Event "ISR-ch"]
[Site "Jerusalem"]
[Date "1996.??.??"]
[Round "9"]
[White "Zaltz, Dov"]
[Black "Gurevich, Gregory"]
[Result "0-1"]
[WhiteElo "2260"]
[BlackElo "2355"]
[PlyCount "90"]
[EventDate "1996.10.26"]
[EventType "swiss"]
[EventRounds "9"]
[EventCountry "ISR"]
[SourceTitle "CBM 056"]
[Source "ChessBase"]
[SourceDate "1997.02.01"]
[SourceVersion "1"]
[SourceVersionDate "1997.02.01"]
[SourceQuality "1"]

1. e4 c6 2. c4 d5 3. exd5 cxd5 4. cxd5 Nf6 5. Nc3 g6 6. Nf3 Bg7 7. Bb5+ Nbd7 8. 0-0 0-0 9. Qa4 Nb6 10. Qh4 a6 11. Be2 Nbxd5 12. d4 b5 13. Ne5 Bb7 14. a4 b4 15. Nxd5 Bxd5 16. a5 Qc7 17. Be3 Qb7 18. Rfc1 e6 19. f3 Nd7 20. Nd3 Rfc8 21. Qe1 Bf8 22. Nf4 Bc6 23. Bc4 Bb5 24. Bb3 Nf6 25. Qd2 Rd8 26. Nd3 Bxd3 27. Qxd3 Nd5 28. Qe4 Rd7 29. Bf2 Be7 30. Ba4 Rc7 31. Bg3 Rxc1+ 32. Rxc1 Rc8 33. Rxc8+ Qxc8 34. Qc2 Qd8 35. Qc6 Qxa5 36. Be5 Qb6 37. Qe8+ Bf8 38. Bc6 b3 39. Kh1 Qb4 40. h3 Ne3 41. Kh2 Qd2 42. f4 Nc4 43. d5 exd5 44. Bc3 Qxf4+ 45. Kh1 Ne3 0-1

[Event "Kfar Sava op"]
[Site "Kfar Sava"]
[Date "1995.??.??"]
[Round "?"]
[White "Shabtai, Ran"]
[Black "Gurevich, Gregory"]
[Result "0-1"]
[WhiteElo "2350"]
[BlackElo "2360"]
[PlyCount "35"]
[EventDate "1995.??.??"]
[EventType "swiss"]
[EventRounds "9"]
[EventCountry "ISR"]
[SourceTitle "EXT 2004"]
[Source "ChessBase"]
[SourceDate "2003.11.25"]
[SourceVersion "1"]
[SourceVersionDate "2003.11.25"]
[SourceQuality "1"]

1. d4 d5 2. c4 dxc4 3. e3 Nf6 4. Bxc4 e6 5. Nf3 c5 6. 0-0 a6 7. a4 Nc6 8. Nc3 Be7 9. Ne5 Qc7 10. Nxc6 bxc6 11. a5 0-0 12. Na4 Rd8 13. Nb6 Ra7 14. Nxc8 Qxc8 15. Qe2 cxd4 16. exd4 Ra8 17. Rd1 Nd5 18. b3 0-1

[Event "ISR-ch"]
[Site "Tel Aviv"]
[Date "1994.??.??"]
[Round "8"]
[White "Gruenfeld, Yehuda"]
[Black "Gurevich, Gregory"]
[Result "1-0"]
[WhiteElo "2550"]
[BlackElo "2350"]
[PlyCount "57"]
[EventDate "1994.10.??"]
[EventType "swiss"]
[EventRounds "11"]
[EventCountry "ISR"]
[SourceTitle "EXT 1997"]
[Source "ChessBase"]
[SourceDate "1996.11.15"]
[SourceVersion "1"]
[SourceVersionDate "1996.11.15"]
[SourceQuality "1"]

1. e4 e5 2. Nf3 d6 3. d4 Nf6 4. Nc3 Nbd7 5. Bc4 Be7 6. 0-0 0-0 7. a4 c6 8. Ba2 b6 9. Re1 Bb7 10. h3 a6 11. dxe5 dxe5 12. Nh4 Ne8 13. Nf5 Bf6 14. Qg4 Kh8 15. Rd1 Bc8 16. Be3 Qc7 17. Qf3 Nb8 18. a5 bxa5 19. Bc5 Rg8 20. Ne7 Nd7 21. Nxg8 Kxg8 22. Ba3 Nf8 23. Na4 Ng6 24. Bc4 Rb8 25. Nc5 Qa7 26. Qe3 Ra8 27. Nb3 Qc7 28. Bc5 Rb8 29. Qc3 1-0

[Event "ISR-ch"]
[Site "Tel Aviv"]
[Date "1994.??.??"]
[Round "3"]
[White "Gurevich, Gregory"]
[Black "Stisis, Yaacov"]
[Result "0-1"]
[WhiteElo "2350"]
[BlackElo "2400"]
[PlyCount "158"]
[EventDate "1994.10.??"]
[EventType "swiss"]
[EventRounds "11"]
[EventCountry "ISR"]
[SourceTitle "EXT 1997"]
[Source "ChessBase"]
[SourceDate "1996.11.15"]
[SourceVersion "1"]
[SourceVersionDate "1996.11.15"]
[SourceQuality "1"]

1. Nf3 d5 2. c4 c6 3. b3 Nf6 4. g3 Bg4 5. Bg2 Nbd7 6. Bb2 e6 7. 0-0 Bd6 8. d3 0-0 9. Nbd2 Qe7 10. h3 Bh5 11. a3 e5 12. e4 dxe4 13. Nxe4 Nxe4 14. dxe4 Nc5 15. Qc2 Bxf3 16. Bxf3 Ne6 17. Bg4 Bc5 18. Bxe5 h5 19. Bxe6 Qxe6 20. Qc3 f6 21. Bf4 Rad8 22. Rad1 Qxe4 23. Rfe1 Rxd1 24. Rxd1 Qe2 25. Qd2 Bxf2+ 26. Kg2 Qxd2 27. Rxd2 Bb6 28. Rd7 Rf7 29. Rd3 Re7 30. b4 Kf7 31. c5 Bc7 32. Bxc7 Rxc7 33. Rd8 Ke6 34. Kf2 Rd7 35. Ra8 b6 36. cxb6 axb6 37. Ke3 b5 38. a4 bxa4 39. Rxa4 Rb7 40. Kd4 Kd6 41. Kc4 Re7 42. Kd4 f5 43. Kd3 g5 44. Ra8 Re4 45. Rg8 g4 46. Rg5 Ke5 47. Rxh5 Rxb4 48. Rh6 c5 49. Rh5 Rb3+ 50. Kc4 Rxg3 51. hxg4 Rxg4+ 52. Kxc5 Rg8 53. Kc4 Ke4 54. Kc3 Rd8 55. Rh1 f4 56. Re1+ Kf3 57. Rf1+ Ke3 58. Re1+ Kf2 59. Re7 f3 60. Kc2 Kf1 61. Rf7 f2 62. Rg7 Rd4 63. Kc3 Ke1 64. Re7+ Kd1 65. Kxd4 f1Q 66. Rb7 Qf2+ 67. Kc4 Qf4+ 68. Kc5 Qe5+ 69. Kc6 Kc2 70. Rb5 Qe6+ 71. Kb7 Kc3 72. Rc5+ Kb4 73. Rc6 Qe7+ 74. Kb6 Qd7 75. Rc1 Qd4+ 76. Ka6 Qd3+ 77. Kb7 Kb5 78. Re1 Qf3+ 79. Kc8 Qc3+ 0-1

[Event "ISR-ch"]
[Site "Tel Aviv"]
[Date "1994.??.??"]
[Round "2"]
[White "Khenkin, Igor"]
[Black "Gurevich, Gregory"]
[Result "1-0"]
[WhiteElo "2580"]
[BlackElo "2350"]
[PlyCount "41"]
[EventDate "1994.10.??"]
[EventType "swiss"]
[EventRounds "11"]
[EventCountry "ISR"]
[SourceTitle "EXT 1997"]
[Source "ChessBase"]
[SourceDate "1996.11.15"]
[SourceVersion "1"]
[SourceVersionDate "1996.11.15"]
[SourceQuality "1"]

1. d4 d5 2. Nf3 Nf6 3. c4 dxc4 4. Nc3 a6 5. e4 b5 6. e5 Nd5 7. a4 e6 8. axb5 Bb4 9. Qc2 Nb6 10. Qe4 Qd5 11. Qg4 axb5 12. Rxa8 Qxa8 13. Be2 0-0 14. 0-0 Kh8 15. Ng5 h6 16. Qh5 Kg8 17. Nge4 Bxc3 18. Nf6+ gxf6 19. Bf3 Qa4 20. Be4 Bb7 21. exf6 1-0